KOHA-Header-6

Corporate etiquette (Record no. 10630)

000 -LEADER
fixed length control field 00263nam a2200109Ia 4500
100 ## - MAIN ENTRY--AUTHOR NAME
Personal name Sitagita Speaks
245 #0 - TITLE STATEMENT
Title Corporate etiquette
260 ## - PUBLICATION, DISTRIBUTION, ETC. (IMPRINT)
Place of publication New Delhi
Name of publisher Prentice Hall
Year of publication 1996
300 ## - PHYSICAL DESCRIPTION
Number of Pages 560
942 ## - ADDED ENTRY ELEMENTS (KOHA)
Koha item type Books

No items available.

Powered by Koha